000 01081nam a22003377a 4500
003 CHAP
005 20220817042456.0
008 971013s1958 r 00010 d
010 _a45789
011 _a46761
035 _a50902
040 _cCHAP
082 _a551.5943
_bU54
110 _aUNESCO
245 _aClimatologie
_b: compte rendu de recherches
260 _aParis :
_bUNESCO,
_c1958
300 _a210 p.
490 _aRecherches sur la zone aride
_v; 10
590 _aBATCH-UPD
_b10
_c20130110
_lUCH01
_h0122
590 _aBATCH-UPD
_b10
_c20130110
_lUCH01
_h1351
590 _aBATCH-UPD
_b10
_c20130410
_lUCH01
_h0847
590 _aBATCH-UPD
_b10
_c20130914
_lUCH01
_h0949
590 _aCONVERSION
_b10
_c20130109
_lUCH01
_h1325
650 1 4 _aClimatología.
_923864
650 1 4 _aRegiones áridas
_xClima.
_995677
830 0 _aRecherches sur la zone aride
_v; 10
_994991
901 _aBK
942 _cLIBRO
949 _a551.5943 U54
_bBC
_cLIBRO
_d33724000518171
_eLIBRO
_h7843
_i50902
_si
949 _a551.5943 U54
_bBC
_cLIBRO
_d33724000518213
_eLIBRO
_fc.2
_h14189
_i50902
_si
999 _c45789
_d45789